|
|
|
|
| LEADER |
01889nem a2200445 a 4500 |
| 001 |
mzk03001178334 |
| 003 |
CZ BrMZK |
| 005 |
20130710105939.0 |
| 007 |
aj|canzn |
| 008 |
075516s1806 fr di|||||a|||||0|||fre|d |
| 034 |
3 |
|
|a a
|b 4600000
|d E0051800
|e E0301551
|f N0711004
|g N0540600
|
| 040 |
|
|
|a BOE801
|b cze
|
| 043 |
|
|
|a e-dk---
|a e-sw---
|a e-no---
|a e-fi---
|
| 072 |
|
7 |
|a 912:904
|x Staré mapy
|2 Konspekt
|9 7
|
| 080 |
|
|
|a (489)
|2 MRF
|
| 080 |
|
|
|a (485)
|2 MRF
|
| 080 |
|
|
|a (481)
|2 MRF
|
| 080 |
|
|
|a (480)
|2 MRF
|
| 080 |
|
|
|a (084.3)
|2 MRF
|
| 100 |
1 |
|
|a Kipferling, Karl Joseph
|7 xx0084880
|4 aut
|
| 245 |
1 |
0 |
|a Charte von den koenigreichen Daenemark, Schweden und Norwegen
|h [kartografický dokument] :
|b Zum Gebrauche der Oesterreichischen Schulen entworfen ; Zur 3ten Abtheilung des 1ten Theiles der neuesten Geographie /
|c Ent. u. Gez. K. J. Kipferling
|
| 255 |
|
|
|a Měřítko [ca 1:4 600 000]. 4,7 cm = 30 deutsche Meilen
|c (005°18´00" v.d.--030°15´51" v.d./071°10´04" s.š.--054°06´00" s.š.)
|
| 260 |
|
|
|a Wien :
|b Im Verlage des Kunst und Industrie Comptoirs,
|c 1806
|
| 300 |
|
|
|a 1 mapa :
|b ručně kolorovaná mědirytina ;
|c 43 x 32,5 cm, na listu 47,5 x 38,5 cm, složeno na 19,5 x 24 cm
|
| 561 |
|
|
|a Provenience: [stará signatura] 1.1.
|
| 561 |
|
|
|a Provenience: [stará signatura] D 1
|
| 561 |
|
|
|a Provenience: [m.p.] Daenemark Schweden
|
| 655 |
|
7 |
|a staré mapy
|7 fd674099
|2 czenas
|
| 651 |
|
7 |
|a Dánsko
|7 ge129115
|2 czenas
|
| 651 |
|
7 |
|a Švédsko
|7 ge134629
|2 czenas
|
| 651 |
|
7 |
|a Norsko
|7 ge130191
|2 czenas
|
| 651 |
|
7 |
|a Finsko
|7 ge129144
|2 czenas
|
| 910 |
|
|
|e BOE950
|c R - CLIX (I.I.a.)
|
| 978 |
|
|
|b Tiskárna Kulturní a průmyslové kanceláře
|a Wien
|c 1806
|
| 984 |
|
|
|a Vídeň
|b Rakousko
|
| 985 |
|
|
|a 1801-1850
|
| 990 |
|
|
|a MP
|
| 996 |
|
|
|e BOE950
|c R - CLIX (I.I.a.)
|
| 991 |
|
|
|k rajhrad
|
| 980 |
|
|
|c 290171
|g R - CLIX (I.I.a.)
|d 20070516
|t 5
|1 328100290171
|n J
|z KR
|